Statistiques concernant Discographie La Fève

Cliquez ici pour prendre le quiz!

Statistiques générales

  • Ce quiz a été pris 124 fois
  • Le résultat moyen est 27 sur 47

Statistiques - réponses

Réponse% Correct
MAUVAIS PAYEUR
97%
ZAZA
82%
24
76%
NO HOOK
76%
500
75%
OUVRE LA PORTE
75%
HOMESTUDIO
73%
OUTRO
73%
7W
72%
NAVRÉ
72%
SHAWTY
72%
ZAY INTRO
72%
LOYAL
70%
RIP DOLPH
70%
SUITE
70%
VOITURE SPORTIVE
70%
LA FOUDRE
68%
LYELE OUTRO
65%
DJ
63%
MA CHIENNE DE TRAPLIFE
63%
QUI ?
63%
RIP KEED
62%
SAMESHIT
62%
TYPE SHIT
62%
LA BRUME
61%
BELLE SOMME
59%
VILAIN
59%
ZAZA PART. 2
55%
BELEK
54%
L'APPEL
54%
SAOULÉ
54%
NOSTALGIE INTERLUDE
52%
OTW
52%
ALCHIMIE
49%
KANYE WEST
49%
BOXE INTERLUDE
48%
RAT INTERLUDE
48%
ZOMBIE
46%
CRENSHAW
45%
SNITCH
42%
LONERRR
39%
DSMJ
37%
DIEZ
35%
JEUNE INTERLUDE
35%
VOIR AILLEURS (feat. Zamdane)
23%
CASTRO (feat. $ouley)
21%
VVS (feat. S-Téban)
21%

Distribution des résultats

Percentile par nombre de réponses

% des personnes avec chaque résultat

Votre développement - résultats

Vous n’avez pas pris ce quiz